000
00339nam a2200133Ia 4500
008
260604s9999 xx 000 0 und d
020
_a
9781032745350
082
_a
658.406 MAR
100
_a
Graeme martin
_9
35773
245
0
_a
Managing People in Changing Organizations
260
_b
Routledge
500
_a
Management, Change
942
_c
BK
999
_c
8603
_d
8603